Eljegyzés

Správa o zásnubách humenského četníckeho dôstojníka Jána (János) Basslera a Hildy Jakab v obci Csikvardotfalva (RO) v júli roku 1906.

Bibliographic Details
Format: Article
Language:Hungarian
Subjects:
Source: 1. Homonna és Vidéke : Vegyes tartalmu társadalmi, közművelődési, szépirodalmi és közgazdasági hetilap 1. Roč. 6, č. 29 (19.07.1906) s. 2
LEADER 01033nab#a2200313#ar4500
001 000072633
003 SVKKK
005 20021202xxxxxxx.
008 06 c xo huno
FMT
038 |a SVKKK 
040 |a SVKKK  |b slo  |e AACR2 
041 0 |a hun 
044 |a xo  |c SK 
080 |a 351 
080 |a 392 
242 1 0 |a Zásnuby 
245 0 0 |a Eljegyzés 
500 |a mikrofilm 
520 2 |a Správa o zásnubách humenského četníckeho dôstojníka Jána (János) Basslera a Hildy Jakab v obci Csikvardotfalva (RO) v júli roku 1906. 
650 0 4 |a zásnuby - Bassler, Ján (dôstojník četnícky) - Humenné - Jakab, Hilda (snúbenica) - Csikvardotfalva (RO) - júl 1906 - správy 
773 0 |t Homonna és Vidéke : Vegyes tartalmu társadalmi, közművelődési, szépirodalmi és közgazdasági hetilap  |g Roč. 6, č. 29 (19.07.1906) s. 2 
957 |a Csikvardotfalva pozri Vardotfalva 
957 |a Humenné 
958 |a SK 
974 |a Ba  |d 20021202 
992 |a RBX 
BAS
998 |a RETRO